Présidents américain par parti. - Statistiques

Statistiques générales
  • Ce quiz a été pris 3 fois
  • Le résultat moyen est 15 sur 45
Statistiques - réponses
Hint Réponse % Correct
Bill Clinton Démocrate
100%
Barack Obama Démocrate
100%
Grover Cleveland Démocrate
67%
John Fitzgerald Kennedy Démocrate
67%
Jimmy Carter Démocrate
67%
Joe Biden Démocrate
67%
William H. Taft Républicain
67%
Herbert Hoover Républicain
67%
Dwight D. Eisenhower Républicain
67%
Richard Nixon Républicain
67%
George H. W. Bush Républicain
67%
George W. Bush Républicain
67%
Martin Van Buren Démocrate
33%
Woodrow Wilson Démocrate
33%
Franklin Delano Roosevelt Démocrate
33%
Harry S. Truman Démocrate
33%
Lyndon B. Johnson Démocrate
33%
John Adams Fédéraliste
33%
George Washington Indépendant
33%
Ulysses S. Grant Républicain
33%
Rutherford B. Hayes Républicain
33%
James A. Garfield Républicain
33%
Chester A. Arthur Républicain
33%
William McKinley Républicain
33%
Theodore Roosevelt Républicain
33%
Warren G. Harding Républicain
33%
Gerald Ford Républicain
33%
Ronald Reagan Républicain
33%
Donald Trump Républicain
33%
James Monroe Républicain-démocrate
33%
John Quincy Adams Républicain-démocrate puis National-républicain
33%
Andrew Jackson Démocrate
0%
James K. Polk Démocrate
0%
Franklin Pierce Démocrate
0%
James Buchanan Démocrate
0%
John Tyler Indépendant
0%
Benjamin Harrison Républicain
0%
Calvin Coolidge Républicain
0%
Thomas Jefferson Républicain-démocrate
0%
James Madison Républicain-démocrate
0%
Abraham Lincoln Républicain puis Union
0%
Andrew Johnson Union puis Démocrate
0%
William Henry Harrison Whig
0%
Zachary Taylor Whig
0%
Millard Fillmore Whig
0%
Aucun quiz correspondant
Distribution des résultats
% des personnes avec chaque résultat
Percentile par nombre de réponses
Votre historique - résultats
Vous n’avez pas pris ce quiz